|
|
|
|
| LEADER |
00816nam a2200229 a 4500 |
| 001 |
28529 |
| 003 |
BD-DhAAL |
| 005 |
20141110092223.0 |
| 008 |
141110r19891988enk 000 1 eng |
| 020 |
|
|
|a 0140117679 (pbk)
|
| 040 |
|
|
|a UKM
|c UKM
|d EMU
|d OCL
|d BD-DhAAL
|
| 082 |
0 |
0 |
|2 22
|a 813/.6
|
| 100 |
1 |
|
|a Sidhwa, Bapsi.
|9 5967
|
| 245 |
1 |
0 |
|a Ice-candy-man /
|c Sidhwa, Bapsi.
|
| 260 |
|
|
|a India :
|b Penguin,
|c 1989.
|
| 300 |
|
|
|a 276 p. ;
|c 20 cm.
|
| 541 |
|
|
|e 28529
|
| 651 |
|
0 |
|a India
|x History
|y 1947-
|v Fiction.
|9 5989
|
| 653 |
|
|
|a Fiction in English
|a Pakistani writers, 1947- - Texts
|
| 942 |
|
|
|2 ddc
|c BK
|
| 999 |
|
|
|c 33026
|d 33026
|
| 952 |
|
|
|0 0
|1 0
|2 ddc
|4 0
|6 813_600000000000000_SID
|7 0
|9 44007
|a BRACUL
|b BRACUL
|c GEN
|d 2014-11-10
|e Paragon Enterprises Ltd.
|g 370.00
|l 11
|m 129
|o 813.6 SID
|p 3010028529
|r 2026-01-19
|s 2025-11-06
|t 1
|w 2014-11-10
|y BK
|